Groups of 1-10 (Geography) - Statistics

General Stats
  • This quiz has been taken 273 times
  • The average score is 36 of 55
Answer Stats
Hint Answer % Correct
1 Country starting with the letter Q Qatar
97%
9 Countries who speak Portuguese Portugal
92%
6 Capitals starting with the letter R Rome
92%
8 Planets Earth
91%
4 Countries starting with the letter F Finland
91%
8 Planets Mars
91%
4 Countries starting with the letter F Fiji
90%
10 Countries with Four Letters Fiji
90%
4 Countries starting with the letter F France
90%
8 Planets Venus
90%
9 Countries who speak Portuguese Brazil
89%
8 Planets Mercury
89%
8 Planets Jupiter
88%
5 Boroughs of NYC Manhattan
88%
8 Planets Saturn
87%
8 Planets Uranus
87%
6 Capitals starting with the letter R Reykjavik
86%
8 Planets Neptune
85%
4 Countries starting with the letter F Federated States of {Micronesia}
84%
6 Capitals starting with the letter R Riga
83%
5 Boroughs of NYC The Bronx
82%
6 Capitals starting with the letter R Riyadh
81%
3 Countries on Borneo Indonesia
80%
5 Boroughs of NYC Queens
79%
6 Capitals starting with the letter R Rabat
78%
3 Countries on Borneo Malaysia
76%
5 Boroughs of NYC Brooklyn
73%
3 Countries on Borneo Brunei
72%
10 Countries with Four Letters Chad
68%
2 Countries with a Square Flag Switzerland
67%
10 Countries with Four Letters Oman
66%
5 Boroughs of NYC Staten Island
65%
10 Countries with Four Letters Togo
65%
10 Countries with Four Letters Mali
64%
10 Countries with Four Letters Iran
63%
10 Countries with Four Letters Iraq
63%
10 Countries with Four Letters Peru
63%
10 Countries with Four Letters Laos
62%
9 Countries who speak Portuguese Angola
56%
9 Countries who speak Portuguese Cape Verde
54%
9 Countries who speak Portuguese São Tomé and Príncipe
54%
10 Countries with Four Letters Cuba
52%
6 Capitals starting with the letter R Roseau
51%
2 Countries with a Square Flag Vatican City
47%
9 Countries who speak Portuguese Mozambique
46%
9 Countries who speak Portuguese East Timor
42%
9 Countries who speak Portuguese Equatorial Guinea
38%
9 Countries who speak Portuguese Guinea-Bissau
37%
7 Hills of Rome Palatine
23%
7 Hills of Rome Capitoline
15%
7 Hills of Rome Quirinal
9%
7 Hills of Rome Aventine
7%
7 Hills of Rome Esquiline
5%
7 Hills of Rome Viminal
5%
7 Hills of Rome Caelian
4%
No matching quizzes found
Score Distribution
Percent of People with Each Score
Percentile by Number Answered
Your Score History
You have not taken this quiz